The sermon bible; vol. 10. (Record no. 1616)

000 -LEADER
fixed length control field 00455nam a2200157 a 4500
001 - CONTROL NUMBER
control field :::00017801$&:&@@
003 - CONTROL NUMBER IDENTIFIER
control field OkBaRHE
005 - DATE AND TIME OF LATEST TRANSACTION
control field 20100326171719.0
008 - FIXED-LENGTH DATA ELEMENTS--GENERAL INFORMATION
fixed length control field j 000 0 eng u
040 ## - CATALOGING SOURCE
Transcribing agency
245 14 - TITLE STATEMENT
Title The sermon bible; vol. 10.
260 ## - PUBLICATION, DISTRIBUTION, ETC. (IMPRINT)
Place of publication, distribution, etc New York
Name of publisher, distributor, etc Funk & Wagnalls Company
300 ## - PHYSICAL DESCRIPTION
Extent v. (1-10)
942 ## - ADDED ENTRY ELEMENTS (KOHA)
Source of classification or shelving scheme
Koha item type Books
Copies
Withdrawn status Barcode Price effective from Full call number Lost status Collection code Source of classification or shelving scheme Permanent Location Date acquired Koha item type Copy number Damaged status Shelving location Date last seen Not for loan
 178012010-04-14BS 534.5 S38 Reference RHEMA Bible Training College2010-04-14Books1 General Stacks2010-04-14